Quick Pick: Monopoly Special Editions Quiz Stats

 Plays Quiz Updated Sep 11, 2016

Challenge
Share
Tweet
Embed
Score 0/13 Timer 01:00
1 Play Today
% Correct
Futurama
85.4%
The Walking Dead
84.7%
The Office
84.4%
America's World War II
73.8%
John Wayne
72.2%
American Chopper
67.8%
Rhode Island
60%
Vintage Books
54.7%
Bass Fishing
51.8%
Lionel Postwar Era
50.7%
.Com
50.3%
Surfing
40.3%
U-Build
29.9%

Today's Daily Dose

You're not logged in!

Compare scores with friends on all Sporcle quizzes.
OR
Log In

You Might Also Like...

Show Comments

Extras

Top Quizzes Today


Score Distribution

Your Account Isn't Verified!

In order to create a playlist on Sporcle, you need to verify the email address you used during registration. Go to your Sporcle Settings to finish the process.

Report this User

Report this user for behavior that violates our Community Guidelines.

Details: